000 01182nam a2200301Ia 4500
001 ebr10278632
003 CaPaEBR
006 m u
007 cr cn|||||||||
008 961216s1997 nyu sb 000 0 eng d
010 _z 96053170
020 _z0195116100 (cloth : alk. paper)
020 _z9780195116106
040 _aCaPaEBR
_cCaPaEBR
035 _a(OCoLC)45727260
050 1 4 _aBX9.5.L55
_bW35 1997eb
100 1 _aWainwright, Geoffrey,
_d1939-
245 1 0 _aWorship with one accord
_h[electronic resource] :
_bwhere liturgy and ecumenism embrace /
_cGeoffrey Wainwright.
260 _aNew York :
_bOxford University Press,
_cc1997.
300 _axi, 276 p.
504 _aIncludes bibliographical references.
533 _aElectronic reproduction.
_bPalo Alto, Calif. :
_cebrary,
_d2009.
_nAvailable via World Wide Web.
_nAccess may be limited to ebrary affiliated libraries.
650 0 _aLiturgics and Christian union.
650 0 _aChristian union.
655 7 _aElectronic books.
_2local
710 2 _aebrary, Inc.
856 4 0 _uhttp://site.ebrary.com/lib/rucke/Doc?id=10278632
_zAn electronic book accessible through the World Wide Web; click to view
999 _c5057
_d5057